000 00343nam a2200133Ia 4500
008 240624s9999 xx 000 0 und d
041 _aeng
082 _a658.15 LAR
100 _aLARRABEE DAVID
245 _aVALUATION TECHNIQUES DISCOUNTED CASH FLO
260 _c2012
_aReal Options
_bJohn Wiley & Sons
300 _a624 : p.
365 _c
_b30
999 _c20818
_d20818